[Event "Warsaw YMCA Autumn-D 70th"]
[Site "Warsaw"]
[Date "2009.12.10"]
[Round "11"]
[White "Budrewicz, Henryk"]
[Black "Maliszewski, Krzysztof"]
[Result "0-1"]
[WhiteElo "1583"]
[BlackElo "1757"]
[PlyCount "76"]
[EventDate "2009.09.29"]
[EventType "tourn"]
[EventRounds "13"]
[EventCountry "POL"]
[SourceTitle "EXT 2011"]
[Source "ChessBase"]
[SourceDate "2010.11.26"]
[SourceVersion "1"]
[SourceVersionDate "2010.11.26"]
[SourceQuality "1"]

1. d4 Nf6 2. e3 d6 3. Bd3 g6 4. f4 Bg7 5. c3 0-0 6. Nf3 b6 7. Qe2 c5 8. Nbd2 Bb7 9. e4 cxd4 10. cxd4 Nc6 11. Nb3 Nb4 12. Bb1 Ba6 13. Qd2 Nc6 14. Bd3 Bxd3 15. Qxd3 Rc8 16. Bd2 a5 17. a3 a4 18. Nc1 Na5 19. Bc3 d5 20. e5 Ne4 21. Bxa5 bxa5 22. Ne2 Qb6 23. Rb1 Rc6 24. 0-0 Rfc8 25. b4 Nc3 26. Nxc3 Rxc3 27. bxa5 Qxa5 28. Qb5 Qxb5 29. Rxb5 Rxa3 30. Rxd5 Rc2 31. Ra5 e6 32. Rd1 Raa2 33. g3 Bf8 34. Ra8 a3 35. Rb1 Rab2 36. Ra1 a2 37. Re1 Rb1 38. Rxa2 Rxe1+ 0-1

[Event "Warsaw YMCA Autumn-D 70th"]
[Site "Warsaw"]
[Date "2009.11.06"]
[Round "10"]
[White "Maliszewski, Krzysztof"]
[Black "Rodak, Przemyslaw"]
[Result "1/2-1/2"]
[WhiteElo "1757"]
[BlackElo "1463"]
[PlyCount "120"]
[EventDate "2009.09.29"]
[EventType "tourn"]
[EventRounds "13"]
[EventCountry "POL"]
[SourceTitle "EXT 2011"]
[Source "ChessBase"]
[SourceDate "2010.11.26"]
[SourceVersion "1"]
[SourceVersionDate "2010.11.26"]
[SourceQuality "1"]

1. e4 c5 2. c3 Nc6 3. d4 cxd4 4. cxd4 d5 5. exd5 Qxd5 6. Nf3 Bg4 7. Be2 Nf6 8. Nc3 Qd8 9. Be3 e6 10. 0-0 Be7 11. h3 Bh5 12. Qb3 Rb8 13. Rfd1 0-0 14. d5 Na5 15. Qb5 a6 16. Qd3 exd5 17. Nxd5 Nxd5 18. Qxd5 Bg6 19. Qe5 f6 20. Rxd8 fxe5 21. Rxb8 Rxb8 22. Nxe5 Be8 23. Rc1 Nc6 24. Nxc6 Bxc6 25. Bf3 Bxf3 26. gxf3 Bf6 27. b3 Rd8 28. Rc7 Rd1+ 29. Kg2 Ra1 30. a4 b5 31. axb5 axb5 32. Rb7 Kf8 33. Rxb5 Ke8 34. Rb7 Rb1 35. b4 Kd8 36. Bf4 Rb2 37. Kg3 Bd4 38. Be3 Bc3 39. Bb6+ Ke8 40. Bc5 Kd8 41. b5 Kc8 42. Rb6 Kd7 43. Rd6+ Kc8 44. Rb6 Kc7 45. f4 Rb3 46. f3 Rb2 47. Rc6+ Kb7 48. Bf2 Bf6 49. Rc5 Rxf2 50. Rh5 Rb2 51. Rxh7 Rxb5 52. h4 Rb1 53. h5 Rh1 54. Kg2 Rh4 55. Kg3 Rh1 56. h6 Kc6 57. Kg4 Rxh6 58. Rxh6 gxh6 59. Kh5 Bg7 60. Kg6 Bf8 1/2-1/2

[Event "Warsaw YMCA Autumn-D 70th"]
[Site "Warsaw"]
[Date "2009.11.02"]
[Round "13"]
[White "Jarmolowski, Tadeusz"]
[Black "Maliszewski, Krzysztof"]
[Result "0-1"]
[WhiteElo "1702"]
[BlackElo "1757"]
[PlyCount "90"]
[EventDate "2009.09.29"]
[EventType "tourn"]
[EventRounds "13"]
[EventCountry "POL"]
[SourceTitle "EXT 2011"]
[Source "ChessBase"]
[SourceDate "2010.11.26"]
[SourceVersion "1"]
[SourceVersionDate "2010.11.26"]
[SourceQuality "1"]

1. e4 e6 2. d4 d5 3. Nd2 dxe4 4. Nxe4 Nd7 5. Nf3 Ngf6 6. Nxf6+ Nxf6 7. Ne5 c5 8. Bb5+ Bd7 9. Nxd7 Nxd7 10. 0-0 a6 11. Be2 Qc7 12. c3 Bd6 13. h3 0-0 14. Bd3 cxd4 15. cxd4 Rac8 16. Bg5 Qb6 17. b3 Ba3 18. Be3 Qc6 19. Qg4 f5 20. Qe2 Nf6 21. f3 Nd5 22. Bd2 Qb6 23. Rae1 Qxd4+ 24. Kh1 Rfe8 25. f4 b5 26. Bb1 Nc3 27. Bxc3 Qxc3 28. Rf3 Qb2 29. Re3 Qxe2 30. R3xe2 Kf7 31. g3 Bb4 32. Rd1 Red8 33. Rxd8 Rxd8 34. Kg2 Bc3 35. Bc2 b4 36. Kf3 Kf6 37. h4 e5 38. fxe5+ Bxe5 39. Kf2 Rd4 40. Kf3 Rg4 41. Rg2 h5 42. Bd3 a5 43. Bc2 f4 44. gxf4 Rxf4+ 45. Kg3 Rf1+ 0-1

[Event "Warsaw YMCA Autumn-D 70th"]
[Site "Warsaw"]
[Date "2009.10.27"]
[Round "4"]
[White "Maliszewski, Krzysztof"]
[Black "Wilczynski, Adam"]
[Result "0-1"]
[WhiteElo "1757"]
[BlackElo "1771"]
[PlyCount "98"]
[EventDate "2009.09.29"]
[EventType "tourn"]
[EventRounds "13"]
[EventCountry "POL"]
[SourceTitle "EXT 2011"]
[Source "ChessBase"]
[SourceDate "2010.11.26"]
[SourceVersion "1"]
[SourceVersionDate "2010.11.26"]
[SourceQuality "1"]

1. e4 c5 2. c3 Nf6 3. e5 Nd5 4. Bc4 Nb6 5. Bb3 c4 6. Bc2 Nc6 7. Nf3 Qc7 8. Qe2 g5 9. d4 cxd3 10. Bxd3 g4 11. Ng5 Qxe5 12. Nxh7 Bg7 13. Ng5 d6 14. Qxe5 Nxe5 15. Bb5+ Nc6 16. Be3 Nd7 17. Ne4 a6 18. Ba4 Nde5 19. 0-0 Nc4 20. Bc1 b5 21. Bc2 Bb7 22. Nbd2 Nxd2 23. Bxd2 Ne5 24. Rad1 Rc8 25. Rfe1 Nc4 26. Bf4 0-0 27. b3 Ne5 28. Bd2 d5 29. Ng5 Rfe8 30. Re2 e6 31. Rde1 Nd7 32. Bh7+ Kf8 33. c4 Bd4 34. cxb5 axb5 35. Bd3 Bc6 36. Bb4+ Kg7 37. Rc2 Ne5 38. Bf1 f6 39. Bd6 Bd7 40. Rxc8 Rxc8 41. Bxe5 Bxe5 42. f4 Bd4+ 43. Kh1 fxg5 44. f5 Kf6 45. fxe6 Bxe6 46. Bxb5 Rc2 47. a4 Bf5 48. Rf1 Ke5 49. a5 Be4 0-1

[Event "Warsaw City-ch"]
[Site "Warsaw"]
[Date "2009.09.27"]
[Round "4"]
[White "Maliszewski, Krzysztof"]
[Black "Adamski, Jan"]
[Result "0-1"]
[WhiteElo "1757"]
[BlackElo "2269"]
[PlyCount "70"]
[EventDate "2009.09.26"]
[EventType "swiss"]
[EventRounds "9"]
[EventCountry "POL"]
[SourceTitle "EXT 2010"]
[Source "ChessBase"]
[SourceDate "2010.11.25"]
[SourceVersion "1"]
[SourceVersionDate "2010.11.25"]
[SourceQuality "1"]

1. e4 c5 2. c3 d5 3. exd5 Qxd5 4. d4 Nf6 5. Nf3 e6 6. Be2 cxd4 7. cxd4 Nc6 8. Nc3 Qd6 9. 0-0 Be7 10. Re1 0-0 11. Be3 b6 12. a3 Bb7 13. Qc2 Rac8 14. Rad1 Rfd8 15. Qd2 Nd5 16. Nb5 Qb8 17. Bd3 Bf6 18. Bb1 Nce7 19. Bg5 a6 20. Bxf6 Nxf6 21. Nc3 Bxf3 22. gxf3 Ng6 23. Bxg6 hxg6 24. Qg5 Nd5 25. Qd2 Qb7 26. Kg2 Rd7 27. Ne2 Rcd8 28. Rc1 Ne7 29. Rc3 Nf5 30. Rd3 e5 31. Rd1 Rd5 32. Qc3 Qd7 33. Qc4 b5 34. Qb4 Nh4+ 35. Kh1 Qh3 0-1

[Event "Warsaw-ch opB 62nd"]
[Site "Warsaw"]
[Date "2009.09.07"]
[Round "9"]
[White "Maliszewski, Krzysztof"]
[Black "Budrewicz, Henryk"]
[Result "1-0"]
[WhiteElo "1729"]
[BlackElo "1603"]
[PlyCount "49"]
[EventDate "2009.08.31"]
[EventType "swiss"]
[EventRounds "9"]
[EventCountry "POL"]
[SourceTitle "EXT 2011"]
[Source "ChessBase"]
[SourceDate "2010.11.26"]
[SourceVersion "1"]
[SourceVersionDate "2010.11.26"]
[SourceQuality "1"]

1. e4 e6 2. d4 b6 3. Nc3 Bb7 4. f4 Bb4 5. Bd3 f5 6. Qe2 Nf6 7. exf5 0-0 8. fxe6 dxe6 9. Nf3 Bxc3+ 10. bxc3 Nd5 11. Qxe6+ Kh8 12. 0-0 Nxf4 13. Bxf4 Rxf4 14. Ne5 Bd5 15. Qh3 Rxf1+ 16. Rxf1 Qg8 17. Nf7+ Bxf7 18. Rxf7 h6 19. Qf5 Nc6 20. Be4 Ne7 21. Rxe7 Rf8 22. Qd5 c6 23. Qxg8+ Kxg8 24. Bxc6 Kh7 25. Rxa7 1-0

[Event "Warsaw-ch opB 62nd"]
[Site "Warsaw"]
[Date "2009.09.07"]
[Round "7"]
[White "Maliszewski, Krzysztof"]
[Black "Rozycki, Bartlomiej"]
[Result "1/2-1/2"]
[WhiteElo "1729"]
[BlackElo "1735"]
[PlyCount "64"]
[EventDate "2009.08.31"]
[EventType "swiss"]
[EventRounds "9"]
[EventCountry "POL"]
[SourceTitle "EXT 2011"]
[Source "ChessBase"]
[SourceDate "2010.11.26"]
[SourceVersion "1"]
[SourceVersionDate "2010.11.26"]
[SourceQuality "1"]

1. e4 c5 2. c3 d5 3. exd5 Qxd5 4. d4 e5 5. dxe5 Qxe5+ 6. Qe2 Nc6 7. Qxe5+ Nxe5 8. Bf4 Ng6 9. Bg3 Nf6 10. Nd2 Nh5 11. 0-0-0 Nxg3 12. hxg3 Bd7 13. Bc4 Be7 14. Ngf3 0-0 15. Bd5 Rab8 16. Nc4 b5 17. Nce5 Nxe5 18. Nxe5 Bf5 19. Nc6 Rb7 20. Rhe1 Bg5+ 21. f4 Bf6 22. Re3 Rc7 23. Rde1 Bd7 24. Ne5 Bxe5 25. Rxe5 Bc6 26. Bxc6 Rxc6 27. Re7 a6 28. Rd7 Rg6 29. Re3 f5 30. Kd2 Rf7 31. Re8+ Rf8 32. Re3 Rf7 1/2-1/2

[Event "Warsaw Najdorf Memorial op-B"]
[Site "Warsaw"]
[Date "2008.08.03"]
[Round "2"]
[White "Maliszewski, Krzysztof"]
[Black "Liberadzki, Slawomir"]
[Result "0-1"]
[WhiteElo "1734"]
[BlackElo "1969"]
[PlyCount "44"]
[EventDate "2008.08.02"]
[EventType "swiss"]
[EventRounds "9"]
[EventCountry "POL"]
[SourceTitle "CBM 126 Extra"]
[Source "ChessBase"]
[SourceDate "2008.11.05"]
[SourceVersion "1"]
[SourceVersionDate "2008.11.05"]
[SourceQuality "1"]

1. e4 e5 2. f4 exf4 3. Bc4 g5 4. Nf3 Bg7 5. h4 h6 6. d4 d6 7. Nc3 Nc6 8. 0-0 g4 9. Nh2 Bxd4+ 10. Kh1 Qxh4 11. Rxf4 Be5 12. Bxf7+ Kd8 13. Qf1 Nf6 14. Ne2 Nxe4 15. Be3 Rf8 16. Bg1 Nd2 17. Qd1 Bxf4 18. Nxf4 Rxf7 19. Qxd2 g3 20. Ng6 Qg5 21. Qd3 gxh2 22. Bxh2 Bf5 0-1

[Event "Najdorf Memorial op-B"]
[Site "Grodzisk Mazowiecki"]
[Date "2007.07.28"]
[Round "9"]
[White "Maliszewski, Krzysztof"]
[Black "Poswiatowski, Michal"]
[Result "0-1"]
[WhiteElo "1759"]
[BlackElo "1660"]
[PlyCount "66"]
[EventDate "2007.07.20"]
[EventType "swiss"]
[EventRounds "9"]
[EventCountry "POL"]
[SourceTitle "EXT 2008"]
[Source "ChessBase"]
[SourceDate "2007.11.25"]
[SourceVersion "1"]
[SourceVersionDate "2007.11.25"]
[SourceQuality "1"]

1. e4 c5 2. c3 d6 3. d4 Nf6 4. dxc5 Nc6 5. Bd3 dxc5 6. Nf3 Bg4 7. 0-0 a6 8. Bf4 Qb6 9. b3 g6 10. Nbd2 Bg7 11. h3 Bxf3 12. Qxf3 Nh5 13. Nc4 Qd8 14. Rac1 Nxf4 15. Qxf4 Qxd3 16. Rfd1 Qe2 17. Rd2 Qh5 18. Rd5 Qh6 19. Qxh6 Bxh6 20. Rcd1 0-0 21. Rd7 Rfd8 22. Nb6 Rxd7 23. Rxd7 Rb8 24. Nd5 Bg7 25. c4 Bd4 26. Nxe7+ Nxe7 27. Rxe7 b5 28. Ra7 bxc4 29. bxc4 Rb6 30. a4 Kg7 31. a5 Rf6 32. Kh1 Bxf2 33. e5 Re6 0-1

[Event "Mazowieckie-chT 0405"]
[Site "Poland"]
[Date "2005.01.09"]
[Round "7"]
[White "Borowicz, Miroslaw"]
[Black "Maliszewski, Krzysztof"]
[Result "1-0"]
[WhiteElo "2026"]
[BlackElo "1800"]
[PlyCount "89"]
[EventDate "2004.10.03"]
[EventType "team-tourn"]
[EventRounds "10"]
[EventCountry "POL"]
[SourceTitle "EXT 2019"]
[Source "ChessBase"]
[SourceDate "2018.10.10"]
[SourceVersion "1"]
[SourceVersionDate "2018.10.10"]
[SourceQuality "1"]

1. d4 Nf6 2. c4 d6 3. Nc3 e5 4. dxe5 dxe5 5. Qxd8+ Kxd8 6. e4 c6 7. Nf3 Nbd7 8. a3 h6 9. Be2 Kc7 10. b4 Be7 11. 0-0 Ne8 12. Bd2 f6 13. Nh4 Nf8 14. Nf5 Bxf5 15. exf5 Rd8 16. Be3 b6 17. Ne4 Nd6 18. Nxd6 Bxd6 19. Bh5 e4 20. Rad1 Be5 21. Rxd8 Kxd8 22. Rd1+ Ke7 23. f3 exf3 24. Bxf3 Nd7 25. Bxc6 Rd8 26. c5 bxc5 27. Bxd7 Rxd7 28. Rxd7+ Kxd7 29. Bxc5 a6 30. Bf8 Bb2 31. a4 Ba3 32. Bxg7 h5 33. Bxf6 Bxb4 34. Bd4 Bf8 35. h3 Kd6 36. g4 hxg4 37. hxg4 Kd5 38. Bf6 Ke4 39. Kg2 Kf4 40. Kh3 Bh6 41. Kh4 Bf8 42. Kh5 Bd6 43. Bd8 Bf8 44. f6 Ke5 45. Be7 1-0